000 00491nam a2200169Ia 4500
005 20250923144436.0
008 008 250917s9999 xx 000 0 eng d
037 _aTextual
040 _aDSWL
_beng
_cDSWL
041 _aeng
_2eng
084 _aY:4a, H2
_qDSWL
245 0 _aGuide for the study of american social Problmes
_cby A.S.P.S.C.
260 _aNew York
_b Columbia University Press
_c1942
300 _a181 p.
942 _cTEXL
_hY:4a, H2
999 _c1438927
_d1438927